000 00536nam a22001937a 4500
003 OSt
005 20181004123312.0
008 181004b xxu||||| |||| 00| 0 eng d
020 _a0534124089
040 _cDDC
082 _a574.86 WOL 1993
100 _aWolfe,L.Stephen;
_912705
245 _aMolecular and Cellular Biology.
260 _aCalifonia.
_bWadsworth Publishing Company,
_c1993.
300 _axviii,1145p;
_bcol,ill;
_c27cm.
504 _aincludes index and references.
650 _aBiology.
_95602
942 _2ddc
_cO_SHELF
999 _c6150
_d6150